[Event "Hoogeveen Open"]
[Site "Hoogeveen, Netherlands"]
[Date "2018.10.22"]
[Round "4.1"]
[White "Guseinov, Gadir"]
[Black "Romanov, Evgeny"]
[Result "1-0"]
[WhiteElo "2667"]
[BlackElo "2614"]

1. e4 {[%clk 01:30:57]} {[%emt 00:00:02]} c5 {[%clk 01:22:46]} {[%emt
00:08:14]} 2. Nc3 {[%clk 01:31:18]} {[%emt 00:00:09]} a6 {[%clk 01:23:04]}
{[%emt 00:00:13]} 3. Nf3 {[%clk 01:31:42]} {[%emt 00:00:06]} b5 {[%clk
01:23:19]} {[%emt 00:00:15]} 4. d4 {[%clk 01:32:06]} {[%emt 00:00:06]} cxd4
{[%clk 01:23:45]} {[%emt 00:00:05]} 5. Nxd4 {[%clk 01:32:32]} {[%emt 00:00:03]}
Bb7 {[%clk 01:24:10]} {[%emt 00:00:05]} 6. Bd3 {[%clk 01:32:39]} {[%emt
00:00:23]} Nc6 {[%clk 01:23:59]} {[%emt 00:00:39]} 7. Nxc6 {[%clk 01:32:21]}
{[%emt 00:00:49]} Bxc6 {[%clk 01:24:23]} {[%emt 00:00:06]} 8. O-O {[%clk
01:32:43]} {[%emt 00:00:08]} e6 {[%clk 01:15:05]} {[%emt 00:09:48]} 9. Re1
{[%clk 01:32:11]} {[%emt 00:01:01]} Nf6 {[%clk 01:12:50]} {[%emt 00:02:45]} 10.
e5 {[%clk 01:27:05]} {[%emt 00:05:37]} b4 {[%clk 01:10:54]} {[%emt 00:02:26]}
11. exf6 {[%clk 01:13:59]} {[%emt 00:13:36]} bxc3 {[%clk 01:11:18]} {[%emt
00:00:06]} 12. fxg7 {[%clk 01:11:52]} {[%emt 00:02:37]} Bxg7 {[%clk 01:11:44]}
{[%emt 00:00:04]} 13. b3 {[%clk 01:08:48]} {[%emt 00:03:34]} Qh4 {[%clk
01:10:07]} {[%emt 00:02:06]} 14. g3 {[%clk 01:02:26]} {[%emt 00:06:53]} Qd4
{[%clk 01:06:15]} {[%emt 00:04:21]} 15. Qh5 {[%clk 01:02:02]} {[%emt 00:00:54]}
Qd5 {[%clk 01:02:44]} {[%emt 00:04:00]} 16. Qxd5 {[%clk 01:02:19]} {[%emt
00:00:14]} Bxd5 {[%clk 01:03:12]} {[%emt 00:00:02]} 17. Ba3 {[%clk 00:59:26]}
{[%emt 00:03:23]} a5 {[%clk 00:48:44]} {[%emt 00:14:58]} 18. Bd6 {[%clk
00:48:15]} {[%emt 00:11:41]} Rc8 {[%clk 00:47:56]} {[%emt 00:01:18]} 19. Bb5
{[%clk 00:40:00]} {[%emt 00:08:45]} Bf3 {[%clk 00:33:18]} {[%emt 00:15:08]} 20.
Re3 {[%clk 00:32:31]} {[%emt 00:08:00]} Bh5 {[%clk 00:33:40]} {[%emt 00:00:08]}
21. Be5 {[%clk 00:32:15]} {[%emt 00:00:46]} Rg8 {[%clk 00:19:53]} {[%emt
00:14:16]} 22. Bxg7 {[%clk 00:26:36]} {[%emt 00:06:10]} Rxg7 {[%clk 00:20:21]}
{[%emt 00:00:02]} 23. Re5 {[%clk 00:26:58]} {[%emt 00:00:07]} Bf3 {[%clk
00:20:07]} {[%emt 00:00:44]} 24. Ba6 {[%clk 00:23:45]} {[%emt 00:03:45]} Ra8
{[%clk 00:19:05]} {[%emt 00:01:31]} 25. Bf1 {[%clk 00:21:21]} {[%emt 00:02:53]}
h5 {[%clk 00:10:54]} {[%emt 00:08:41]} 26. Rae1 {[%clk 00:18:54]} {[%emt
00:02:59]} a4 {[%clk 00:09:44]} {[%emt 00:01:40]} 27. R1e3 {[%clk 00:14:02]}
{[%emt 00:05:21]} axb3 {[%clk 00:09:46]} {[%emt 00:00:28]} 28. axb3 {[%clk
00:14:24]} {[%emt 00:00:08]} Bb7 {[%clk 00:08:56]} {[%emt 00:01:18]} 29. Rb5
{[%clk 00:12:19]} {[%emt 00:02:37]} Bc6 {[%clk 00:06:46]} {[%emt 00:02:40]} 30.
Rxh5 {[%clk 00:12:06]} {[%emt 00:00:43]} Ra1 {[%clk 00:05:12]} {[%emt
00:02:04]} 31. Rc5 {[%clk 00:04:53]} {[%emt 00:07:43]} Bb7 {[%clk 00:02:43]}
{[%emt 00:02:59]} 32. b4 {[%clk 00:04:22]} {[%emt 00:01:01]} d6 {[%clk
00:00:56]} {[%emt 00:02:16]} 33. Ra5 {[%clk 00:03:04]} {[%emt 00:01:49]} Rb1
{[%clk 00:01:22]} {[%emt 00:00:04]} 34. Rxc3 {[%clk 00:01:04]} {[%emt
00:02:30]} Rxb4 {[%clk 00:01:23]} {[%emt 00:00:29]} 35. Ra7 {[%clk 00:01:19]}
{[%emt 00:00:15]} f5 {[%clk 00:00:49]} {[%emt 00:01:04]} 36. f4 {[%clk
00:01:09]} {[%emt 00:00:40]} Rxf4 {[%clk 00:00:40]} {[%emt 00:00:39]} 37. Ba6
{[%emt 00:00:56]} Rb4 {[%clk 00:00:34]} {[%emt 00:00:35]} 38. Rb3 {[%clk
00:01:08]} {[%emt 00:00:06]} Rxb3 {[%clk 00:00:34]} {[%emt 00:00:30]} 39. cxb3
{[%clk 00:01:32]} {[%emt 00:00:06]} Bxa6 {[%clk 00:00:58]} {[%emt 00:00:05]} 40.
Rxg7 {[%clk 00:01:58]} {[%emt 00:00:04]} d5 {[%clk 00:01:07]} {[%emt 00:00:22]}
41. h4 {[%clk 00:25:01]} {[%emt 00:07:27]} d4 {[%clk 00:31:25]} {[%emt
00:00:12]} 42. Kf2 {[%clk 00:25:15]} {[%emt 00:00:16]} e5 {[%clk 00:30:19]}
{[%emt 00:01:35]} 43. Rg6 {[%clk 00:24:45]} {[%emt 00:01:00]} Bc8 {[%clk
00:30:16]} {[%emt 00:00:33]} 44. Rg8+ {[%clk 00:25:00]} {[%emt 00:00:15]} 1-0

[Event "Hoogeveen Open"]
[Site "Hoogeveen, Netherlands"]
[Date "2018.10.22"]
[Round "4.3"]
[White "Amin, Bassem"]
[Black "Shyaamnikhil, P"]
[Result "1-0"]
[WhiteElo "2686"]
[BlackElo "2429"]

1. e4 {[%clk 01:29:27]} {[%emt 00:01:31]} c5 {[%clk 01:30:18]} {[%emt
00:00:43]} 2. Nf3 {[%clk 01:29:31]} {[%emt 00:00:27]} d6 {[%clk 01:29:00]}
{[%emt 00:01:49]} 3. g3 {[%clk 01:28:45]} {[%emt 00:01:16]} Nf6 {[%clk
01:28:03]} {[%emt 00:01:26]} 4. d3 {[%clk 01:29:06]} {[%emt 00:00:09]} g6
{[%clk 01:27:16]} {[%emt 00:01:17]} 5. Bg2 {[%clk 01:29:27]} {[%emt 00:00:09]}
Bg7 {[%clk 01:27:40]} {[%emt 00:00:07]} 6. O-O {[%clk 01:29:48]} {[%emt
00:00:09]} O-O {[%clk 01:28:03]} {[%emt 00:00:06]} 7. Re1 {[%clk 01:29:52]}
{[%emt 00:00:26]} Nc6 {[%clk 01:27:56]} {[%emt 00:00:37]} 8. c3 {[%clk
01:30:16]} {[%emt 00:00:06]} e5 {[%clk 01:22:34]} {[%emt 00:05:52]} 9. a3
{[%clk 01:30:23]} {[%emt 00:00:23]} Re8 {[%clk 01:13:46]} {[%emt 00:09:18]} 10.
b4 {[%clk 01:30:25]} {[%emt 00:00:28]} a6 {[%clk 01:14:06]} {[%emt 00:00:10]}
11. Nbd2 {[%clk 01:29:59]} {[%emt 00:00:55]} h6 {[%clk 01:13:06]} {[%emt
00:01:30]} 12. Rb1 {[%clk 01:28:57]} {[%emt 00:01:33]} Be6 {[%clk 01:03:12]}
{[%emt 00:10:24]} 13. bxc5 {[%clk 01:26:02]} {[%emt 00:03:25]} dxc5 {[%clk
01:03:13]} {[%emt 00:00:28]} 14. Rxb7 {[%clk 01:26:03]} {[%emt 00:00:28]} Qxd3
{[%clk 01:01:10]} {[%emt 00:02:33]} 15. Rb6 {[%clk 01:22:40]} {[%emt 00:03:54]}
Qd7 {[%clk 00:57:51]} {[%emt 00:03:49]} 16. Bf1 {[%clk 01:19:59]} {[%emt
00:03:11]} Qc7 {[%clk 00:55:45]} {[%emt 00:02:36]} 17. Rxa6 {[%clk 01:01:45]}
{[%emt 00:18:44]} Rxa6 {[%clk 00:53:05]} {[%emt 00:03:10]} 18. Bxa6 {[%clk
01:02:13]} {[%emt 00:00:02]} Qa5 {[%clk 00:53:15]} {[%emt 00:00:19]} 19. Bf1
{[%clk 00:56:33]} {[%emt 00:06:09]} Qxc3 {[%clk 00:50:33]} {[%emt 00:03:13]} 20.
Re3 {[%clk 00:54:38]} {[%emt 00:02:25]} Qa5 {[%clk 00:50:02]} {[%emt 00:01:01]}
21. Nc4 {[%clk 00:54:26]} {[%emt 00:00:42]} Qc7 {[%clk 00:48:49]} {[%emt
00:01:43]} 22. Bb2 {[%clk 00:51:17]} {[%emt 00:03:40]} Nd7 {[%clk 00:48:12]}
{[%emt 00:01:06]} 23. a4 {[%clk 00:47:45]} {[%emt 00:04:03]} Rb8 {[%clk
00:44:46]} {[%emt 00:03:56]} 24. Nfd2 {[%clk 00:47:14]} {[%emt 00:01:01]} Nb6
{[%clk 00:27:03]} {[%emt 00:18:13]} 25. Rb3 {[%clk 00:39:49]} {[%emt 00:07:52]}
Nd4 {[%clk 00:23:39]} {[%emt 00:03:57]} 26. Rxb6 {[%clk 00:39:52]} {[%emt
00:00:27]} Rxb6 {[%clk 00:24:03]} {[%emt 00:00:06]} 27. Nxb6 {[%clk 00:40:16]}
{[%emt 00:00:06]} Qxb6 {[%clk 00:24:29]} {[%emt 00:00:03]} 28. Bc3 {[%clk
00:40:27]} {[%emt 00:00:19]} Qc6 {[%clk 00:23:39]} {[%emt 00:01:20]} 29. a5
{[%clk 00:37:04]} {[%emt 00:03:54]} Bf8 {[%clk 00:16:34]} {[%emt 00:07:35]} 30.
a6 {[%clk 00:31:53]} {[%emt 00:05:41]} c4 {[%clk 00:16:28]} {[%emt 00:00:36]}
31. Qa1 {[%clk 00:32:14]} {[%emt 00:00:09]} Bc5 {[%clk 00:16:33]} {[%emt
00:00:25]} 32. Qa5 {[%clk 00:31:26]} {[%emt 00:01:18]} 1-0

[Event "Hoogeveen Open"]
[Site "Hoogeveen, Netherlands"]
[Date "2018.10.22"]
[Round "4.4"]
[White "Buckels, Valentin"]
[Black "Kryakvin, Dmitry"]
[Result "0-1"]
[WhiteElo "2413"]
[BlackElo "2595"]

1. d4 {[%clk 01:30:53]} {[%emt 00:00:06]} d5 {[%clk 01:30:35]} {[%emt
00:00:25]} 2. Nf3 {[%clk 01:30:48]} {[%emt 00:00:36]} c6 {[%clk 01:30:47]}
{[%emt 00:00:17]} 3. Bf4 {[%clk 01:30:10]} {[%emt 00:01:08]} Qb6 {[%clk
01:31:03]} {[%emt 00:00:14]} 4. Qc1 {[%clk 01:30:19]} {[%emt 00:00:21]} Nf6
{[%clk 01:31:10]} {[%emt 00:00:22]} 5. e3 {[%clk 01:30:20]} {[%emt 00:00:30]}
Nh5 {[%clk 01:26:51]} {[%emt 00:04:49]} 6. Be5 {[%clk 01:26:04]} {[%emt
00:04:46]} Nd7 {[%clk 01:26:19]} {[%emt 00:01:02]} 7. Be2 {[%clk 01:22:14]}
{[%emt 00:04:21]} e6 {[%clk 01:23:08]} {[%emt 00:03:41]} 8. Nbd2 {[%clk
01:19:38]} {[%emt 00:03:06]} Be7 {[%clk 01:22:27]} {[%emt 00:01:11]} 9. c4
{[%clk 01:18:36]} {[%emt 00:01:32]} Nxe5 {[%clk 01:19:12]} {[%emt 00:03:44]} 10.
Nxe5 {[%clk 01:17:00]} {[%emt 00:02:06]} Nf6 {[%clk 01:19:29]} {[%emt
00:00:12]} 11. O-O {[%clk 01:17:09]} {[%emt 00:00:22]} O-O {[%clk 01:19:25]}
{[%emt 00:00:34]} 12. c5 {[%clk 01:13:31]} {[%emt 00:04:08]} Qc7 {[%clk
01:17:57]} {[%emt 00:01:58]} 13. f4 {[%clk 01:12:24]} {[%emt 00:01:38]} Nd7
{[%clk 01:16:23]} {[%emt 00:02:03]} 14. Bd3 {[%clk 01:07:51]} {[%emt 00:05:02]}
Nxe5 {[%clk 01:14:53]} {[%emt 00:02:01]} 15. fxe5 {[%clk 01:06:16]} {[%emt
00:02:06]} f5 {[%clk 01:14:37]} {[%emt 00:00:46]} 16. exf6 {[%clk 01:01:18]}
{[%emt 00:05:28]} Bxf6 {[%clk 01:14:03]} {[%emt 00:01:04]} 17. Nf3 {[%clk
01:00:38]} {[%emt 00:01:09]} g6 {[%clk 01:09:25]} {[%emt 00:05:08]} 18. e4
{[%clk 00:57:23]} {[%emt 00:03:45]} Qg7 {[%clk 01:03:58]} {[%emt 00:05:57]} 19.
e5 {[%clk 00:49:20]} {[%emt 00:08:33]} Be7 {[%clk 01:03:57]} {[%emt 00:00:31]}
20. b4 {[%clk 00:47:38]} {[%emt 00:02:12]} Bd7 {[%clk 01:04:05]} {[%emt
00:00:22]} 21. a4 {[%clk 00:46:57]} {[%emt 00:01:12]} g5 {[%clk 01:02:02]}
{[%emt 00:02:32]} 22. Nd2 {[%clk 00:43:13]} {[%emt 00:04:14]} g4 {[%clk
00:58:49]} {[%emt 00:03:43]} 23. Qe1 {[%clk 00:39:28]} {[%emt 00:04:14]} Rxf1+
{[%clk 00:53:40]} 24. Nxf1 {[%clk 00:37:50]} {[%emt 00:07:48]} Rf8 {[%clk
00:53:47]} {[%emt 00:00:23]} 25. Nd2 {[%clk 00:34:33]} {[%emt 00:03:47]} Qg5
{[%clk 00:44:08]} {[%emt 00:10:09]} 26. Nb3 {[%clk 00:26:51]} {[%emt 00:08:12]}
Be8 {[%clk 00:42:41]} {[%emt 00:01:58]} 27. Qg3 {[%clk 00:25:23]} {[%emt
00:01:57]} h5 {[%clk 00:41:49]} {[%emt 00:01:22]} 28. h3 {[%clk 00:18:59]}
{[%emt 00:06:54]} Kh8 {[%clk 00:34:05]} {[%emt 00:08:15]} 29. Rf1 {[%clk
00:17:18]} {[%emt 00:02:12]} Rg8 {[%clk 00:28:38]} {[%emt 00:05:56]} 30. hxg4
{[%clk 00:13:33]} {[%emt 00:04:15]} Qh6 {[%clk 00:26:45]} {[%emt 00:02:23]} 31.
Be2 {[%emt 00:06:47]} hxg4 {[%clk 00:25:41]} 32. Qf4 {[%clk 00:07:04]} {[%emt
00:02:15]} Bg5 {[%clk 00:23:12]} {[%emt 00:02:59]} 33. Qh2 {[%clk 00:07:28]}
{[%emt 00:00:06]} Bh5 {[%clk 00:22:02]} {[%emt 00:01:40]} 34. g3 {[%clk
00:07:33]} {[%emt 00:00:26]} Kg7 {[%clk 00:21:37]} {[%emt 00:00:55]} 35. Bd3
{[%clk 00:06:54]} {[%emt 00:01:09]} Rh8 {[%clk 00:21:27]} {[%emt 00:00:41]} 36.
b5 {[%clk 00:06:07]} {[%emt 00:01:18]} cxb5 {[%clk 00:13:42]} {[%emt 00:08:14]}
37. axb5 {[%clk 00:06:18]} {[%emt 00:00:19]} a5 {[%clk 00:10:44]} {[%emt
00:03:29]} 38. bxa6 {[%clk 00:03:59]} {[%emt 00:02:49]} bxa6 {[%clk 00:11:09]}
{[%emt 00:00:04]} 39. c6 {[%clk 00:02:07]} {[%emt 00:02:21]} Rc8 {[%clk
00:10:06]} {[%emt 00:01:33]} 40. Kg2 {[%clk 00:00:37]} {[%emt 00:02:00]} Rxc6
{[%clk 00:08:18]} {[%emt 00:02:18]} 41. Rh1 {[%clk 00:25:37]} {[%emt 00:05:30]}
Bg6 {[%clk 00:37:30]} {[%emt 00:01:18]} 42. Qxh6+ {[%clk 00:24:48]} {[%emt
00:01:18]} Bxh6 {[%clk 00:37:51]} {[%emt 00:00:10]} 43. Bxg6 {[%clk 00:25:06]}
{[%emt 00:00:12]} Kxg6 {[%clk 00:38:15]} {[%emt 00:00:07]} 44. Nc5 {[%clk
00:24:15]} {[%emt 00:01:20]} Bf8 {[%clk 00:33:13]} {[%emt 00:05:31]} 45. Nd3
{[%clk 00:21:33]} {[%emt 00:03:13]} Rc2+ {[%clk 00:32:43]} {[%emt 00:01:01]} 46.
Kf1 {[%clk 00:21:42]} {[%emt 00:00:20]} Bh6 {[%clk 00:31:50]} {[%emt 00:01:23]}
47. Rh4 {[%clk 00:21:21]} {[%emt 00:00:50]} Bg5 {[%emt 00:04:39]} 48. Rh8
{[%clk 00:21:39]} Be3 {[%clk 00:27:36]} {[%emt 00:00:46]} 49. Rf8 {[%clk
00:19:07]} {[%emt 00:03:03]} Bxd4 {[%clk 00:26:42]} {[%emt 00:01:25]} 50. Nf4+
{[%clk 00:15:30]} {[%emt 00:04:07]} Kh7 {[%clk 00:26:41]} {[%emt 00:00:30]} 51.
Rf7+ {[%clk 00:11:39]} {[%emt 00:04:21]} Kg8 {[%clk 00:26:56]} {[%emt
00:00:15]} 52. Rd7 {[%clk 00:10:58]} {[%emt 00:01:11]} Rc6 {[%clk 00:23:42]}
{[%emt 00:03:43]} 53. Ng6 {[%clk 00:11:10]} {[%emt 00:00:18]} Rb6 {[%clk
00:23:35]} {[%emt 00:00:37]} 54. Ke2 {[%clk 00:09:27]} {[%emt 00:02:13]} a5
{[%clk 00:23:44]} {[%emt 00:00:21]} 55. Kd3 {[%clk 00:04:22]} {[%emt 00:05:35]}
Bf2 {[%clk 00:23:25]} {[%emt 00:00:49]} 56. Rd8+ {[%clk 00:04:49]} {[%emt
00:00:04]} Kf7 {[%clk 00:23:11]} {[%emt 00:00:44]} 57. Rf8+ {[%clk 00:05:09]}
{[%emt 00:00:10]} Kxg6 {[%clk 00:23:31]} {[%emt 00:00:10]} 58. Rxf2 {[%clk
00:05:34]} {[%emt 00:00:05]} a4 {[%clk 00:23:40]} {[%emt 00:00:22]} 59. Rf4
{[%clk 00:05:21]} {[%emt 00:00:43]} Ra6 {[%clk 00:24:04]} {[%emt 00:00:06]} 60.
Kd4 {[%clk 00:05:09]} {[%emt 00:00:42]} Kg5 {[%clk 00:23:50]} {[%emt 00:00:44]}
61. Rf8 {[%clk 00:05:26]} {[%emt 00:00:13]} a3 {[%clk 00:24:12]} {[%emt
00:00:09]} 62. Rg8+ {[%clk 00:05:52]} {[%emt 00:00:04]} Kh6 {[%clk 00:24:29]}
{[%emt 00:00:12]} 0-1

[Event "Hoogeveen Open"]
[Site "Hoogeveen, Netherlands"]
[Date "2018.10.22"]
[Round "4.5"]
[White "Pruijssers, Roeland"]
[Black "Zwirs, Nico"]
[Result "1-0"]
[WhiteElo "2501"]
[BlackElo "2410"]

1. e4 {[%clk 01:30:42]} {[%emt 00:00:16]} c5 {[%clk 01:30:50]} {[%emt
00:00:10]} 2. Nf3 {[%clk 01:30:41]} {[%emt 00:00:32]} d6 {[%clk 01:31:18]}
{[%emt 00:00:02]} 3. d4 {[%clk 01:31:02]} {[%emt 00:00:09]} cxd4 {[%clk
01:31:40]} {[%emt 00:00:08]} 4. Nxd4 {[%clk 01:31:26]} {[%emt 00:00:05]} Nf6
{[%clk 01:32:01]} {[%emt 00:00:09]} 5. Nc3 {[%clk 01:31:51]} {[%emt 00:00:06]}
a6 {[%clk 01:32:08]} {[%emt 00:00:23]} 6. Be3 {[%clk 01:32:00]} {[%emt
00:00:21]} e5 {[%clk 01:32:14]} {[%emt 00:00:23]} 7. Nb3 {[%clk 01:32:24]}
{[%emt 00:00:07]} Be6 {[%clk 01:32:37]} {[%emt 00:00:06]} 8. f3 {[%clk
01:31:54]} {[%emt 00:01:01]} Be7 {[%clk 01:29:36]} {[%emt 00:03:30]} 9. Qd2
{[%clk 01:32:15]} {[%emt 00:00:10]} Nbd7 {[%clk 01:28:11]} {[%emt 00:01:55]} 10.
O-O-O {[%clk 01:29:59]} {[%emt 00:02:46]} h5 {[%clk 01:27:58]} {[%emt
00:00:43]} 11. g3 {[%clk 01:26:26]} {[%emt 00:04:03]} Rc8 {[%clk 01:24:19]}
{[%emt 00:04:09]} 12. Kb1 {[%clk 01:26:23]} {[%emt 00:00:34]} Qc7 {[%clk
01:22:14]} {[%emt 00:02:35]} 13. h3 {[%clk 01:23:26]} {[%emt 00:03:26]} b5
{[%clk 01:19:52]} {[%emt 00:02:51]} 14. Nd5 {[%clk 01:16:52]} {[%emt 00:07:05]}
Bxd5 {[%clk 01:09:37]} {[%emt 00:10:45]} 15. exd5 {[%clk 01:16:59]} {[%emt
00:00:23]} Nb6 {[%clk 01:08:59]} {[%emt 00:01:08]} 16. Bxb6 {[%clk 01:14:28]}
{[%emt 00:03:01]} Qxb6 {[%clk 01:09:18]} {[%emt 00:00:11]} 17. Bd3 {[%clk
01:07:12]} {[%emt 00:07:46]} g6 {[%clk 01:06:49]} {[%emt 00:02:58]} 18. Be4
{[%clk 01:07:01]} {[%emt 00:00:41]} b4 {[%clk 01:04:09]} {[%emt 00:03:10]} 19.
g4 {[%clk 00:59:08]} {[%emt 00:08:23]} a5 {[%clk 00:55:39]} {[%emt 00:09:01]}
20. Qe2 {[%clk 00:57:42]} {[%emt 00:01:57]} hxg4 {[%clk 00:47:27]} {[%emt
00:08:42]} 21. hxg4 {[%clk 00:58:02]} {[%emt 00:00:10]} Rxh1 {[%clk 00:47:49]}
{[%emt 00:00:08]} 22. Rxh1 {[%clk 00:58:27]} {[%emt 00:00:04]} a4 {[%clk
00:45:03]} {[%emt 00:03:16]} 23. Nd2 {[%clk 00:58:11]} {[%emt 00:00:46]} a3
{[%clk 00:38:43]} {[%emt 00:06:50]} 24. Nb3 {[%clk 00:58:29]} {[%emt 00:00:12]}
Nd7 {[%clk 00:27:55]} {[%emt 00:11:18]} 25. Bd3 {[%clk 00:56:31]} {[%emt
00:02:28]} Bf6 {[%clk 00:20:14]} {[%emt 00:08:12]} 26. f4 {[%clk 00:49:39]}
{[%emt 00:07:21]} Nc5 {[%clk 00:17:37]} {[%emt 00:03:07]} 27. g5 {[%clk
00:48:11]} {[%emt 00:01:58]} Bg7 {[%clk 00:15:24]} {[%emt 00:02:44]} 28. f5
{[%clk 00:40:11]} {[%emt 00:08:29]} Nxb3 {[%clk 00:15:40]} {[%emt 00:00:14]} 29.
f6 {[%clk 00:38:57]} {[%emt 00:01:44]} Qd4 {[%clk 00:09:51]} {[%emt 00:06:20]}
30. cxb3 {[%clk 00:39:19]} {[%emt 00:00:08]} Bf8 {[%clk 00:09:17]} {[%emt
00:01:04]} 31. Rh8 {[%clk 00:36:27]} {[%emt 00:03:21]} Qg1+ {[%clk 00:06:53]}
{[%emt 00:02:54]} 32. Qf1 {[%clk 00:35:55]} {[%emt 00:01:02]} Qxf1+ {[%clk
00:06:41]} {[%emt 00:00:41]} 33. Bxf1 {[%clk 00:36:22]} {[%emt 00:00:03]} Rc5
{[%clk 00:07:03]} {[%emt 00:00:08]} 34. Bc4 {[%clk 00:35:30]} {[%emt 00:01:22]}
axb2 {[%clk 00:07:13]} {[%emt 00:00:21]} 35. Kxb2 {[%clk 00:35:52]} {[%emt
00:00:07]} Ra5 {[%clk 00:07:39]} {[%emt 00:00:04]} 36. a3 {[%clk 00:34:11]}
{[%emt 00:02:12]} bxa3+ {[%clk 00:07:47]} {[%emt 00:00:22]} 37. Ka2 {[%clk
00:34:38]} {[%emt 00:00:02]} Rc5 {[%clk 00:08:03]} {[%emt 00:00:15]} 38. Kxa3
{[%clk 00:34:59]} {[%emt 00:00:08]} e4 {[%clk 00:08:14]} {[%emt 00:00:19]} 39.
Kb4 {[%clk 00:35:08]} {[%emt 00:00:21]} e3 {[%clk 00:08:27]} {[%emt 00:00:17]}
40. Bb5+ {[%clk 00:35:07]} {[%emt 00:00:31]} Kd8 {[%clk 00:08:17]} {[%emt
00:00:41]} 41. Rxf8+ {[%clk 00:35:16]} {[%emt 00:00:20]} Kc7 {[%clk 00:08:46]}
42. Bc4 {[%clk 00:35:23]} {[%emt 00:00:24]} e2 {[%clk 00:08:54]} {[%emt
00:00:22]} 43. Rxf7+ {[%clk 00:33:21]} {[%emt 00:02:31]} Kb6 {[%clk 00:09:23]}
{[%emt 00:00:02]} 44. Re7 {[%clk 00:33:35]} {[%emt 00:00:15]} e1=Q+ {[%clk
00:09:08]} {[%emt 00:00:46]} 1-0